| 000 | 00989nam a2200289 a 4500 | ||
|---|---|---|---|
| 001 | 000110797 | ||
| 003 | CHAP | ||
| 005 | 20220329144146.0 | ||
| 008 | 141006s2012 mx |s| |||0|||spa d | ||
| 010 | _a107259 | ||
| 011 | _a108231 | ||
| 020 | _a9786074945294 | ||
| 040 | _cCHAP | ||
| 090 | _aCD-429 2012 | ||
| 245 | 0 | 0 |
_aCenso Nacional de Procuracion de Justicia Estatal 2012 _h[Disco compacto] _cpor Instituto Nacional de Estadística, Geografía e Informática. . |
| 260 |
_aAguasalientes, Ags. : _bINEGI, _c2012. |
||
| 300 |
_a1 CD ROM ; _c4 3/4 plg. |
||
| 590 |
_aE11695DGD _b10 _c20141007 _lUCH01 _h1005 |
||
| 590 |
_aE11695DGD _b10 _c20141007 _lUCH01 _h1006 |
||
| 590 |
_aE5652GLJ _b05 _c20141006 _lUCH01 _h1239 |
||
| 650 | 1 | 4 |
_aAdministración estatal _zMéxico _vCensos. _9128577 |
| 650 | 1 | 4 |
_aJusticia _xAdministración _zMéxico. _962546 |
| 710 | 2 |
_aInstituto Nacional de Estadística, Geografía e Informática. México _959304 |
|
| 901 | _aBK | ||
| 942 | _cCD | ||
| 942 | _n0 | ||
| 999 |
_c107259 _d107259 |
||